000 00811nam a22002177a 4500
005 20111209164433.0
010 _aB-444567
020 _a9781865049939
_c195.00
035 _aB-444567
037 _bBlueberry /Ven
082 _aS
100 _aRodda, Emily
_938997
245 _aThe sister of the South /
_cby Emily Rodda
260 _aLindfield NSW
_bScholastic Press
_c2007
270 _a345 Pacific Highway
_bLindfield NSW
_e2070
300 _a192p.
_c20cm(pbk)
490 _aDeltora Quest 3; 4
_938998
942 _2ddc
_cCH
_mROD
_hS
999 _c59231
_d59231